Sociometry in the classroom (Record no. 479523)

000 -LEADER
fixed length control field 00362cam a22001337a 4500
008 - FIXED-LENGTH DATA ELEMENTS--GENERAL INFORMATION
fixed length control field 180718b1959 xxu||||| |||| 00| 0 eng d
082 ## - DEWEY DECIMAL CLASSIFICATION NUMBER
Classification number F1 G898
100 ## - MAIN ENTRY--PERSONAL NAME
Personal name Gronlund, Norman E.
245 ## - TITLE STATEMENT
Title Sociometry in the classroom
Statement of responsibility, etc. by Norman E. Gronlund
260 ## - PUBLICATION, DISTRIBUTION, ETC.
Place of publication, distribution, etc. New York
Name of publisher, distributor, etc. Harper
Date of publication, distribution, etc. 1959
300 ## - PHYSICAL DESCRIPTION
Extent 340p.
650 ## - SUBJECT ADDED ENTRY--TOPICAL TERM
Topical term or geographic name entry element Educational sociology
650 ## - SUBJECT ADDED ENTRY--TOPICAL TERM
Topical term or geographic name entry element Sociometry
Holdings
Withdrawn status Lost status Damaged status Not for loan Permanent Location Current Location Date acquired Full call number Barcode Date last seen Price effective from Koha item type
        Indian Institute of Public Administration Indian Institute of Public Administration 2018-08-04 F1 G898 GR47 2018-08-04 2018-08-04 GR

Powered by Koha